<?xml version="1.0" encoding="UTF-8"?>
<record
    xmlns:xsi="http://www.w3.org/2001/XMLSchema-instance"
    xsi:schemaLocation="http://www.loc.gov/MARC21/slim http://www.loc.gov/standards/marcxml/schema/MARC21slim.xsd"
    xmlns="http://www.loc.gov/MARC21/slim">

  <leader>00812nam a2200253 a 4500</leader>
  <controlfield tag="001">BD-DhNSU-30963</controlfield>
  <controlfield tag="003">BD-DhNSU</controlfield>
  <controlfield tag="005">20260421130439.0</controlfield>
  <controlfield tag="008">260419s2002    bg ||||g |||| 000 0|eng|d</controlfield>
  <datafield tag="040" ind1=" " ind2=" ">
    <subfield code="a">DLC</subfield>
    <subfield code="c">BD-DhNSU</subfield>
    <subfield code="d">BD-DhNSU</subfield>
  </datafield>
  <datafield tag="041" ind1=" " ind2=" ">
    <subfield code="a">eng</subfield>
  </datafield>
  <datafield tag="050" ind1="0" ind2="0">
    <subfield code="a">KNG19</subfield>
    <subfield code="b">.A2B36 2002</subfield>
  </datafield>
  <datafield tag="245" ind1="0" ind2="4">
    <subfield code="a">The Bangladesh law chronicles :</subfield>
    <subfield code="b">(a monthly law journal),</subfield>
    <subfield code="n">Vol. 7 /</subfield>
    <subfield code="c">edited by Syed Mokaddas Ali.</subfield>
  </datafield>
  <datafield tag="246" ind1="0" ind2=" ">
    <subfield code="a">B.L.C.</subfield>
    <subfield code="b">Volume VIII</subfield>
  </datafield>
  <datafield tag="260" ind1=" " ind2=" ">
    <subfield code="a">Dhaka :</subfield>
    <subfield code="b">Bangladesh Law Chronicles,</subfield>
    <subfield code="c">2002.</subfield>
  </datafield>
  <datafield tag="300" ind1=" " ind2=" ">
    <subfield code="a">vp. ;</subfield>
    <subfield code="c">25 cm.</subfield>
  </datafield>
  <datafield tag="500" ind1=" " ind2=" ">
    <subfield code="a">Cit. 7 BLC (AD); 7 BLC etc.</subfield>
  </datafield>
  <datafield tag="526" ind1="0" ind2=" ">
    <subfield code="a">Law</subfield>
  </datafield>
  <datafield tag="590" ind1=" " ind2=" ">
    <subfield code="a">Sumaiya Kainat Bintey Kohinoor</subfield>
  </datafield>
  <datafield tag="650" ind1=" " ind2="0">
    <subfield code="a">Law reports, digests, etc.</subfield>
    <subfield code="z">Bangladesh.</subfield>
  </datafield>
  <datafield tag="650" ind1=" " ind2="0">
    <subfield code="a">Law reports, digests, etc.</subfield>
    <subfield code="z">India</subfield>
    <subfield code="z">Bengal.</subfield>
  </datafield>
  <datafield tag="700" ind1="1" ind2=" ">
    <subfield code="a">Ali, Syed Mokaddas</subfield>
    <subfield code="e">editor</subfield>
  </datafield>
  <datafield tag="942" ind1=" " ind2=" ">
    <subfield code="2">lcc</subfield>
    <subfield code="c">BK</subfield>
  </datafield>
  <datafield tag="952" ind1=" " ind2=" ">
    <subfield code="0">0</subfield>
    <subfield code="1">0</subfield>
    <subfield code="2">lcc</subfield>
    <subfield code="4">0</subfield>
    <subfield code="7">1</subfield>
    <subfield code="8">REF</subfield>
    <subfield code="a">LCR</subfield>
    <subfield code="b">LCR</subfield>
    <subfield code="c">GEN</subfield>
    <subfield code="d">2026-04-08</subfield>
    <subfield code="e">Karim International</subfield>
    <subfield code="f">BDT</subfield>
    <subfield code="g">1435.00</subfield>
    <subfield code="h">vol-7</subfield>
    <subfield code="i">KI/NSU/L-77/25-26</subfield>
    <subfield code="l">0</subfield>
    <subfield code="o">KNG19.A2B36 2002</subfield>
    <subfield code="p">49297</subfield>
    <subfield code="r">2026-04-19 13:21:40</subfield>
    <subfield code="t">1</subfield>
    <subfield code="w">2026-03-09</subfield>
    <subfield code="y">BK</subfield>
  </datafield>
  <datafield tag="999" ind1=" " ind2=" ">
    <subfield code="c">30963</subfield>
    <subfield code="d">30963</subfield>
  </datafield>
</record>
